|
|
|
|
| LEADER |
00000nam0a2200000 4500 |
| 001 |
8658 |
| 005 |
20231030181945.0 |
| 010 |
|
|
|a 5892400395
|
| 035 |
|
|
|a (RuTPU)RU\TPU\book\8707
|
| 035 |
|
|
|a BOOK00008766
|
| 090 |
|
|
|a 8658
|
| 100 |
|
|
|a 20011209d1998 m y0rusy50 ca
|
| 101 |
0 |
|
|a rus
|
| 102 |
|
|
|a RU
|
| 105 |
|
|
|a y z 000zy
|
| 200 |
1 |
|
|a Отечественные правила (стандарты) аудита и их использование
|f Е. М. Гутцайт, О. М. Островский, Н. А. Ремизов
|
| 210 |
|
|
|a Москва
|c ФБК-Пресс
|d 1998
|
| 215 |
|
|
|a 384 с.
|
| 610 |
1 |
|
|a бухгалтерский учет
|
| 610 |
1 |
|
|a аудит
|
| 610 |
1 |
|
|a аудиторская деятельность
|
| 610 |
1 |
|
|a стандарты
|
| 610 |
1 |
|
|a международные стандарты
|
| 675 |
|
|
|a 657.6
|v 3
|
| 700 |
|
1 |
|a Гутцайт
|b Е. М.
|g Евгений Михельевич
|
| 701 |
|
1 |
|a Островский
|b О. М.
|g Олег Моисеевич
|
| 701 |
|
1 |
|a Ремизов
|b Н. А.
|g Николай Александрович
|
| 801 |
|
0 |
|a RU
|b 63413507
|c 20011209
|g PSBO
|
| 801 |
|
2 |
|a RU
|b 63413507
|c 20060606
|g PSBO
|
| 942 |
|
|
|c BK
|